书目信息 |
| 题名: |
麦克阿瑟
|
|
| 作者: | 时影 编著 | |
| 分册: | ||
| 出版信息: | 汕头 汕头大学出版社 2005 |
|
| 页数: | 253页 | |
| 开本: | 17cm | |
| 丛书名: | 世界名人小画传 | |
| 单 册: | ||
| 中图分类: | K837.125.2 | |
| 科图分类: | ||
| 主题词: | ||
| 电子资源: | ||
| ISBN: | 7-81036-967-9 | |
| 000 | 00921oam2 2200265 450 | |
| 001 | 002925587 | |
| 005 | 20061104104427.18 | |
| 010 | @a7-81036-967-9@dCNY12.00 | |
| 100 | @a20050119d2005 em y0chiy0110 ea | |
| 101 | 0 | @achi |
| 102 | @aCN@b440000 | |
| 105 | @aa z 000yb | |
| 200 | 1 | @a麦克阿瑟@9mai ke a se@f时影编著 |
| 210 | @a汕头@c汕头大学出版社@d2005 | |
| 215 | @a253页@c照片@d17cm | |
| 225 | 2 | @a世界名人小画传 |
| 330 | @a本书以最精练的文字、最精彩的图片、最优化的内容组合,凝炼美国五星上将麦克阿瑟多彩的一生。让我们可以花最少的时间和最少的钱,了解他,看见他,感受他,和他在一起。 | |
| 461 | 0 | @12001 @a世界名人小画传 |
| 510 | 1 | @aBuglas Macarthur@zeng |
| 600 | 0 | @a麦克阿瑟@c(MacArthur, Douglas@f1880~1964)@x传记 |
| 600 | 0 | @a麦克阿瑟@c(MacArthur, Douglas@f1880~1964) |
| 690 | @aK837.125.2@v3 | |
| 701 | 0 | @a时影@9shi ying@4编著 |
| 801 | 0 | @aCN@bNLC@c20061104 |
| 905 | @a10447@dK837.125.2@e122SY | |
| 麦克阿瑟/时影编著.-汕头:汕头大学出版社,2005 |
| 253页:照片;17cm.-(世界名人小画传) |
| ISBN 7-81036-967-9:CNY12.00 |
| 本书以最精练的文字、最精彩的图片、最优化的内容组合,凝炼美国五星上将麦克阿瑟多彩的一生。让我们可以花最少的时间和最少的钱,了解他,看见他,感受他,和他在一起。 |
| ● |
| 相关链接 |
|
|
|
|
正题名:麦克阿瑟
索取号:K837.125.2/122SY
 
预约/预借
| 序号 | 登录号 | 条形码 | 馆藏地/架位号 | 状态 | 备注 |
| 1 | 0381203 | 203812035 | 第二样本阅览室/ [索取号:K837.125.2/122SY] | 在馆 | |
| 2 | 0381204 | 203812044 | 第二借阅区/ [索取号:K837.125.2/122SY] | 在馆 | |
| 3 | 0381205 | 203812053 | 第二借阅区/ [索取号:K837.125.2/122SY] | 在馆 | |
| 4 | 0381206 | 203812062 | 第二借阅区/ [索取号:K837.125.2/122SY] | 在馆 | |
| 5 | 0381207 | 203812071 | 第二借阅区/ [索取号:K837.125.2/122SY] | 在馆 |